Código de Procedimiento Civil: edición oficial, aprobada por Decreto N§803, de 13 de agosto de 1996, del Ministerio de Justicia

Guardat en:
Dades bibliogràfiques
Format: Llibre
Idioma:espanyol
Publicat: Santiago Jurídica de Chile 1998
Edició:14a. ed
Matèries:
Etiquetes: Afegir etiqueta
Sense etiquetes, Sigues el primer a etiquetar aquest registre!

MARC

LEADER 00000nam a2200000 a 4500
001 UCI9486
003 CL-VaPUC
008 081120e19980400CL |||||||||||||||||spa|d
020 |a 9561011492 
082 0 4 |a 347.83  |b COD  |2 21 
245 1 0 |a Código de Procedimiento Civil: edición oficial, aprobada por Decreto N§803, de 13 de agosto de 1996, del Ministerio de Justicia 
250 |a 14a. ed 
300 |a 390 p 
942 |c BK 
945 |d 20081120 00:00:00  |a cmena 
260 |a Santiago  |b Jurídica de Chile  |c 1998 
500 |a Apéndice actualizado a marzo de 1998 
650 0 |a Código civil chileno  |9 255931 
650 0 |a Procedimiento civil  |9 254870 
650 7 |a JUICIO ORDINARIO  |2 CL-VaPUC  |9 254867 
650 7 |a JUICIOS ESPECIALES  |2 CL-VaPUC  |9 348378 
651 7 |a CHILE  |2 CL-VaPUC  |9 533265 
583 |a last modification  |c 20081120 00:00:00  |k Rodrigo Vera 
999 |c 332010  |d 332008 
952 |0 0  |1 0  |2 ddc  |4 0  |6 347_830000000000000_COD_1998  |7 0  |8 FOND_LRYV  |9 419334  |a BIBDER  |b BIBDER  |d 2019-11-22  |i 3427498  |o 347.83 COD 1998  |p 3427498  |r 2023-01-25  |w 2019-11-22  |y BK_X  |k DER 
952 |0 0  |1 0  |2 ddc  |4 0  |6 347_830000000000000_COD_1998  |7 0  |8 FOND_LRYV  |9 419335  |a BIBDER  |b BIBDER  |d 2019-11-22  |i 342748K  |o 347.83 COD 1998  |p 342748K  |r 2023-01-25  |w 2019-11-22  |y BK_X  |k DER